00940nam0a22002291 4500001001100000005001700011021001900028035002600047100004100073101000800114102000700122105001800129200020900147210003500356215002600391320005100417606012100468700006200589801001800651801002200669852001900691rc\377201720250530044432.0 aRUb[75-22068] a(NLR Aleph) 007226181 a20120127d1975 |||y0rusy50 ca0 arus aRU aa z |||||1 aТочность и надежность технологических процессов в полиграфииeОсновные понятия и определенияeПримеры расчета aМоскваcКнигаd1975 a99 с.cчерт.d20 aСписок лит.: с. 97-38 (36 назв.) aПолиграфическое производствоxМатематические исследования2psbo 1aБатюшкоbА.Л.gАнатолий Львович 0aRUbNLRgpsbo 1aRUbELAR2rusmarc aNLRj75-4/3391